| 000 | 00755nam a2200253 i 4500 | ||
|---|---|---|---|
| 001 | 59293 | ||
| 003 | ES-MaACL | ||
| 005 | 20230906164015.0 | ||
| 007 | t| | ||
| 008 | 031028s1980 sp ||||1| spa d | ||
| 020 | _a84-330-0555-3 | ||
| 080 | _a615.85 | ||
| 100 | 1 |
_aEllis, Albert. _947045 |
|
| 245 | 1 | 0 |
_aRazón y emoción en psicoterapia / _cAlbert Ellis ; [traducido por Ana Ibáñez]. |
| 260 |
_aBilbao : _bDesclée de Brouwer, _c[1980] |
||
| 300 |
_a372 p. ; _c21 cm. |
||
| 490 | 1 |
_aBiblioteca de psicología ; _v10 |
|
| 504 | _aBibliografía: p. 363-372. | ||
| 650 | 4 |
_aPsicoterapia. _916579 |
|
| 700 | 1 |
_aIbáñez, Ana. _964902 |
|
| 830 | 1 |
_aBiblioteca de psicología ; _v10 _9180745 |
|
| 852 | 4 |
_aES-MaACL _jL-4681 |
|
| 999 |
_c59293 _d59293 |
||